[Event "AUTO-INT-1184"]
[Site "http://www.queenalice.com/game.php?id=530401"]
[Date "2009.1.27"]
[Round "1"]
[White "ReidoBaralho"]
[Black "claudius"]
[Result "0-1"]
[WhiteElo "1507"]
[BlackElo "1344"]

1. d4 d6 2. d5 Qd7 3. Nc3 b6 4. e4 Ba6 5. Bxa6 Nxa6 6. Nh3 O-O-O 7. Qd3 Nc5 8.
Qf3 f6 9. Be3 g5 10. g4 Nh6 11. Qe2 Nxg4 12. Nb5 c6 13. dxc6 Qe6 14. c7 Re8 15.
Nxa7+ Kxc7 16. Bxc5 dxc5 17. Qb5 Qxe4+ 18. Kd2 Rd8+ 19. Kc3 Qf3+ 20. Kc4 Ne5#
0-1

[Event "AUTO-INT-1184"]
[Site "http://www.queenalice.com/game.php?id=530402"]
[Date "2009.1.27"]
[Round "1"]
[White "claudius"]
[Black "Malukinha"]
[Result "0-1"]
[WhiteElo "1510"]
[BlackElo "1647"]

1. e3 e5 2. Nh3 Nc6 3. Be2 Nf6 4. d4 d5 5. g3 Bxh3 6. Rg1 exd4 7. exd4 Be7 8.
Nc3 O-O 9. Bg5 h6 10. Bf4 Bg4 11. Bxg4 Bb4 12. Bh3 Bxc3+ 13. bxc3 Qe7+ 14. Be3
Ne4 15. Qd3 b6 16. Bf5 g6 17. Bxh6 Nc5+ 18. Qe3 Nd3+ 19. cxd3 Rfe8 20. Bg4 Qxe3+
21. fxe3 Rxe3+ 22. Bxe3 f5 23. Bf3 Re8 24. Bxd5+ Kh7 25. Bxc6 Rxe3+ 26. Kd2 Re6
27. Rge1 Rxc6 28. Re7+ Kh6 29. d5 Rc5 30. d6 cxd6 31. Rxa7 g5 32. d4 Rc8 0-1

[Event "AUTO-INT-1184"]
[Site "http://www.queenalice.com/game.php?id=530403"]
[Date "2009.1.27"]
[Round "1"]
[White "Malukinha"]
[Black "claudius"]
[Result "1-0"]
[WhiteElo "1677"]
[BlackElo "1520"]

1. e4 e5 2. Nf3 Nf6 3. Nc3 Nc6 4. Bc4 Bb4 5. O-O b6 6. d3 O-O 7. Nd5 a6 8. Bg5
b5 9. c3 bxc4 10. cxb4 cxd3 11. Nxf6+ gxf6 12. Bh6 Re8 13. Qxd3 Nxb4 14. Qb3 Rb8
15. Nd4 exd4 16. Qg3+ Kh8 17. Qg7# 1-0

[Event "AUTO-INT-1184"]
[Site "http://www.queenalice.com/game.php?id=530404"]
[Date "2009.1.27"]
[Round "1"]
[White "claudius"]
[Black "vortex"]
[Result "1-0"]
[WhiteElo "1416"]
[BlackElo "1668"]

1. e4 e5 2. Nf3 Nc6 3. Bd3 Nf6 4. O-O d6 5. c3 Bg4 6. Be2 Nxe4 7. h3 Bxf3 8.
Bxf3 Nc5 9. b4 Ne6 10. Na3 Qd7 11. Nc4 O-O-O 12. b5 Ne7 13. Rb1 Nc5 14. d4 exd4
15. cxd4 Ne6 16. a4 b6 17. Qd3 d5 18. Ne5 Qe8 19. Bd2 g6 20. Rb4 Bg7 21. Nc6
Nxc6 22. bxc6 Qxc6 23. g3 a5 24. Rc1 Qb7 25. Rb2 Nxd4 26. Bg5 Nxf3+ 27. Qxf3 c6
28. Bf6 Bxf6 29. Qxf6 Kc7 30. Re2 Rhe8 31. Rxe8 Rxe8 32. Qxf7+ Kb8 33. Qxe8+ Kc7
34. Qe5+ Kc8 35. Qd6 c5 36. Re1 Qc7 37. Re8+ Kb7 38. Qxd5+ Ka7 39. Qa8# 1-0

[Event "AUTO-INT-1184"]
[Site "http://www.queenalice.com/game.php?id=530405"]
[Date "2009.1.27"]
[Round "1"]
[White "vortex"]
[Black "claudius"]
[Result "0-1"]
[WhiteElo "1684"]
[BlackElo "1506"]

1. e4 b6 2. Nf3 a5 3. d4 Nc6 4. d5 Na7 5. Nc3 d6 6. Be3 Bd7 7. Bd3 Nf6 8. O-O g6
9. Qe2 Ng4 10. Rfe1 Bg7 11. Bd4 Rg8 12. Bxg7 Rxg7 13. h3 Nf6 14. Nb5 c6 15. dxc6
Nxc6 16. a3 d5 17. e5 Nh5 18. g3 Bxh3 19. Ng5 Bd7 20. e6 fxe6 21. Nxe6 Bxe6 22.
Qxe6 Nb8 23. Nd6+ Kf8 24. Qxd5 Ra7 25. Re6 exd6 26. Qxd6+ Qxd6 27. Rxd6 Rgd7 28.
Re6 Rab7 29. Be2 Kf7 30. Bc4 b5 31. Bb3 a4 32. Ba2 Kg7 33. Re3 Nc6 34. c3 Nf6
35. Be6 Rd2 36. Rb1 Nd8 37. b3 Ra2 38. bxa4 Rxa3 39. axb5 Rb6 40. Bc4 Nb7 41.
Re7+ Kh6 42. Re3 Nd6 43. Be2 Nd5 44. Rd3 Nxc3 45. Rb2 Nxe2+ 46. Rxe2 Rxd3 47.
Rb2 Nxb5 48. Kg2 g5 49. Kh3 Rdd6 0-1

[Event "Let's Play Chess!"]
[Site "http://www.queenalice.com/game.php?id=538447"]
[Date "2009.2.11"]
[Round "-"]
[White "CampbellMarcel"]
[Black "claudius"]
[Result "0-1"]
[WhiteElo "1424"]
[BlackElo "1452"]

1. e4 e5 2. f4 exf4 3. Nf3 g5 4. Bc4 g4 5. Bxf7+ Kxf7 6. Ne5+ Ke8 7. Qxg4 Nf6 8.
Qxf4 d6 9. Nc4 Nc6 10. O-O b5 11. Nxd6+ Bxd6 12. Qxf6 Bc5+ 13. Kh1 Ne7 14. Qxh8+
Kd7 15. Qxd8+ Kxd8 16. d4 Bxd4 17. Rd1 Bb7 18. Rxd4+ Kc8 0-1

[Event "Topa ?"]
[Site "http://www.queenalice.com/game.php?id=540964"]
[Date "2009.2.15"]
[Round "-"]
[White "claudius"]
[Black "bruno_borges"]
[Result "0-1"]
[WhiteElo "1520"]
[BlackElo "2053"]

1. e4 e5 2. Nf3 Nc6 3. Bb5 a6 4. Ba4 Nf6 5. Nc3 b5 6. Bb3 Bc5 7. h3 O-O 8. O-O
d6 9. Ng5 h6 10. Nf3 Be6 11. Nh4 Nd4 12. Bxe6 fxe6 13. Nb1 Nxe4 14. c3 Qxh4 15.
cxd4 Bxd4 16. Qe2 Ng3 17. Qe1 Nxf1 18. Qxf1 Rxf2 19. Qxf2 Qxf2+ 20. Kh2 h5 21.
Nc3 h4 22. Ne2 Qxe2 23. b3 Bxa1 24. Ba3 Rf8 25. d3 Rf2 26. Kg1 Rxg2+ 27. Kh1
Qf1# 0-1

[Event "Challenge"]
[Site "http://www.queenalice.com/game.php?id=543738"]
[Date "2009.2.20"]
[Round "-"]
[White "montelo"]
[Black "claudius"]
[Result "1-0"]
[WhiteElo "1640"]
[BlackElo "1533"]

1. e4 e5 2. Qh5 g6 3. Qxe5+ Qe7 4. Qxh8 Nf6 5. d3 d5 6. Bh6 Nbd7 7. Nc3 dxe4 8.
dxe4 Nxe4 9. Nge2 Qh4 10. Be3 Ndf6 11. g3 Qh5 12. Nxe4 Nxe4 13. Nf4 Qa5+ 14. Kd1
Bg4+ 15. Be2 O-O-O+ 16. Kc1 Bxe2 17. Nxe2 Nd2 18. Rd1 Be7 19. Qxh7 Nc4 20. Rxd8+
Bxd8 21. Qg8 Nd6 22. c3 1-0

[Event "Challenge"]
[Site "http://www.queenalice.com/game.php?id=543739"]
[Date "2009.2.20"]
[Round "-"]
[White "claudius"]
[Black "montelo"]
[Result "1-0"]
[WhiteElo "1472"]
[BlackElo "1753"]

1. e4 e5 2. Nc3 Nf6 3. Nf3 Bc5 4. h3 b6 5. Nxe5 Bb4 6. Bc4 d5 7. a3 Bxc3 8. dxc3
Nxe4 9. Qxd5 Qxd5 10. Bxd5 c6 11. Bxe4 f6 12. Nxc6 O-O 13. Ne7+ Kh8 14. Bxa8 Re8
15. Be3 Rxe7 16. O-O-O g5 17. Rd8+ Kg7 18. Rxc8 Nd7 19. Rc7 a5 20. Bc6 Kf7 21.
Bxd7 Kg7 22. Bxb6 a4 23. Bc5 Re2 24. Bf5+ Kh6 25. Rxh7# 1-0

[Event "Let's Play Chess!"]
[Site "http://www.queenalice.com/game.php?id=607241"]
[Date "2009.6.26"]
[Round "-"]
[White "dida"]
[Black "claudius"]
[Result "0-1"]
[WhiteElo "1497"]
[BlackElo "1586"]

1. e4 e5 2. Bc4 Nf6 3. Qf3 Nc6 4. Ne2 Bc5 5. a3 Na5 6. b4 Nxc4 7. bxc5 Na5 8.
Nbc3 d6 9. cxd6 Qxd6 10. h3 g5 11. g4 h5 12. gxh5 Rxh5 13. d3 g4 14. Qg3 gxh3
15. Nd5 Nxd5 16. Qg8+ Ke7 17. Bg5+ Nf6 18. Qg7 Bd7 19. Bxf6+ Qxf6 20. Qxf6+ Kxf6
21. Ng3 Rh4 22. O-O-O Bg4 23. Rd2 Bf3 24. Rh2 b5 25. Nf5 Rh5 26. Ng3 Rh7 27. d4
Nc4 28. Rd3 Bg2 29. dxe5+ Nxe5 30. Re3 Rd8 31. Rb3 c6 32. f4 Nc4 33. e5+ Ke6 34.
Ne2 a5 35. Rg3 Rd2 36. Ng1 Rf2 37. Nxh3 Rf1# 0-1

[Event "Let's Play Chess!"]
[Site "http://www.queenalice.com/game.php?id=607242"]
[Date "2009.6.26"]
[Round "-"]
[White "dida"]
[Black "claudius"]
[Result "0-1"]
[WhiteElo "1485"]
[BlackElo "1574"]

1. e4 e5 2. Bc4 Qh4 3. Qe2 Nf6 4. Nc3 Nc6 5. g3 Qg5 6. Nh3 Qg6 7. d3 Nd4 8. Qd2
Nf3+ 9. Ke2 Nxd2 10. Bxd2 Qg4+ 11. f3 Qxh3 12. Rag1 Bc5 13. Be3 Bxe3 14. Kxe3 c6
15. a4 Qh6+ 16. f4 d5 17. exd5 exf4+ 18. gxf4 Qh3+ 19. Rg3 Ng4+ 20. Kf3 Nxh2+
21. Kf2 Ng4+ 22. Kf3 Qxh1+ 23. Rg2 Nh2+ 24. Kf2 Bh3 25. Rxg7 Qf3+ 26. Ke1 O-O-O
27. Rxf7 Rde8+ 28. Kd2 Nf1+ 29. Kc1 Re1+ 30. Nd1 Qxd1# 0-1

[Event "AUTO-INT-1356"]
[Site "http://www.queenalice.com/game.php?id=609305"]
[Date "2009.6.26"]
[Round "1"]
[White "claudius"]
[Black "wishyouwerehere"]
[Result "1-0"]
[WhiteElo "1510"]
[BlackElo "1740"]

1. e4 e5 2. Qh5 Nc6 3. Nf3 d6 4. Ng5 Be6 5. Nxe6 Qe7 6. Ng5 h6 7. d3 g6 8. Qh3
Nd4 9. Na3 Bg7 10. Nf3 Ne6 11. Nb5 a6 12. Nc3 c6 13. b3 Qd8 14. Be3 Ne7 15. Na4
c5 16. g3 b5 17. Nc3 Qa5 18. Bd2 b4 19. Ne2 Qb6 20. c3 a5 21. Bg2 f5 22. exf5
Nxf5 23. Nxe5 Rc8 24. Nxg6 1-0

[Event "AUTO-INT-1356"]
[Site "http://www.queenalice.com/game.php?id=609306"]
[Date "2009.6.26"]
[Round "1"]
[White "wishyouwerehere"]
[Black "claudius"]
[Result "0-1"]
[WhiteElo "1737"]
[BlackElo "1535"]

1. e4 e5 2. Nf3 Nc6 3. Bb5 a6 4. Ba4 Nh6 5. Bxc6 bxc6 6. Nxe5 Qg5 7. Nf3 Qf6 8.
d4 Bb4+ 9. c3 Ba5 10. Bg5 Qg6 11. Nbd2 f6 12. Bxh6 Qxh6 13. O-O d6 14. Re1 O-O
15. Nc4 Bb6 16. Qb3 Be6 17. Qa4 g5 18. Qxc6 g4 19. Nfd2 Ba7 20. d5 Qf4 21. Rf1
Bf7 22. g3 Qh6 23. Qxc7 Rfd8 24. Nxd6 Qxd2 25. Qxf7+ Kh8 26. Qxf6+ Kg8 27. Qf7+
Kh8 28. Nf5 Qg5 29. Kh1 Rf8 30. Qe6 Rae8 31. Qh6 Qxh6 32. Nxh6 Rxe4 33. Kg2 Kg7
34. Rae1 Rxe1 35. Rxe1 Rxf2+ 36. Kh1 Kxh6 37. Re6+ Kg5 38. d6 Rf1+ 39. Kg2 Rg1#
0-1

[Event "AUTO-INT-1356"]
[Site "http://www.queenalice.com/game.php?id=609307"]
[Date "2009.6.26"]
[Round "1"]
[White "claudius"]
[Black "stan1"]
[Result "0-1"]
[WhiteElo "1574"]
[BlackElo "1732"]

1. e4 Nc6 2. Nc3 e5 3. Nf3 Nf6 4. h3 a6 5. Bc4 Bb4 6. Ne2 Nxe4 7. c3 Bc5 8. O-O
d5 9. b4 Bxf2+ 10. Rxf2 Nxf2 11. Kxf2 dxc4 12. a4 e4 13. Nfd4 Ne5 14. Kg1 Nd3
15. Ng3 O-O 16. Nxe4 Re8 17. Qe2 f5 18. Nf3 Rxe4 19. Qf1 g5 20. Ba3 g4 21. hxg4
fxg4 22. Ne1 Nf4 23. g3 Ne2+ 24. Kh2 Qd6 25. Qg2 Qh6+ 0-1

[Event "AUTO-INT-1356"]
[Site "http://www.queenalice.com/game.php?id=609308"]
[Date "2009.6.26"]
[Round "1"]
[White "stan1"]
[Black "claudius"]
[Result "1-0"]
[WhiteElo "1790"]
[BlackElo "1598"]

1. e4 e5 2. Bc4 Nf6 3. d3 Nc6 4. Nf3 Ng4 5. c3 Na5 6. Bxf7+ Kxf7 7. Ng5+ Ke8 8.
Qxg4 Qf6 9. Qf3 h6 10. Qxf6 gxf6 11. Nf3 d6 12. Nh4 Rg8 13. Na3 Bd7 14. O-O a6
15. Nc2 Be6 16. Ne3 h5 17. Nd5 Bxd5 18. exd5 b5 19. a4 Nb3 20. Ra3 Nxc1 21. Rxc1
Bh6 22. Rd1 bxa4 23. Rxa4 Kd7 24. Nf5 Bf4 25. h4 e4 26. Rxe4 Be5 27. d4 Bxd4 28.
Re7+ Kc8 29. Rxd4 Rb8 30. Rc4 Kd8 31. Rcxc7 Rc8 32. Rcd7# 1-0

[Event "AUTO-INT-1434"]
[Site "http://www.queenalice.com/game.php?id=646501"]
[Date "2009.9.3"]
[Round "1"]
[White "claudius"]
[Black "doido"]
[Result "0-1"]
[WhiteElo "1605"]
[BlackElo "1800"]

1. e4 c5 2. Na3 Nc6 3. f4 g6 4. e5 d6 5. Bb5 Bg7 6. Qf3 Bd7 7. Bxc6 Bxc6 8. Qf2
dxe5 9. fxe5 Bxe5 10. c4 Bd4 11. Qf1 Nf6 12. Nh3 Ne4 13. d3 Qa5+ 14. Kd1 Bxb2
15. dxe4 Bxa1 16. Ng5 O-O 17. Nc2 Qxa2 18. Qd3 Rad8 19. Kd2 Rxd3+ 20. Kxd3 Qb3+
0-1

[Event "AUTO-INT-1434"]
[Site "http://www.queenalice.com/game.php?id=646502"]
[Date "2009.9.3"]
[Round "1"]
[White "doido"]
[Black "claudius"]
[Result "1-0"]
[WhiteElo "1815"]
[BlackElo "1605"]

1. e4 e5 2. Nf3 d6 3. d4 f6 4. dxe5 fxe5 5. Bc4 h6 6. c3 Qf6 7. O-O g5 8. h3 g4
9. hxg4 Bxg4 10. Be3 Nc6 11. Nbd2 h5 12. Qb3 Nd8 13. Ng5 Nh6 14. f4 Bg7 15. fxe5
Qxe5 16. Bf7+ Nhxf7 17. Nxf7 Nxf7 18. Qxf7+ Kd8 19. Nc4 Qb5 20. Qxg7 1-0

[Event "AUTO-INT-1434"]
[Site "http://www.queenalice.com/game.php?id=646503"]
[Date "2009.9.3"]
[Round "1"]
[White "claudius"]
[Black "tadeufm"]
[Result "0-1"]
[WhiteElo "1572"]
[BlackElo "1395"]

1. e4 e5 2. Qh5 Nc6 3. c3 Nf6 4. Qf3 d6 5. Na3 a6 6. Ne2 h5 7. g3 Bg4 8. Qd3
Bxe2 9. Bxe2 g6 10. Nc4 b5 11. Ne3 Nd7 12. b4 Nf6 13. Nd5 Nxd5 14. Qxd5 Ne7 15.
Qb7 Qb8 16. Qxb8+ Rxb8 17. a4 c6 18. a5 c5 19. bxc5 dxc5 20. Bb2 Bg7 0-1

[Event "AUTO-INT-1434"]
[Site "http://www.queenalice.com/game.php?id=646504"]
[Date "2009.9.3"]
[Round "1"]
[White "tadeufm"]
[Black "claudius"]
[Result "0-1"]
[WhiteElo "1373"]
[BlackElo "1598"]

1. e4 e5 2. Nf3 Nc6 3. Bb5 Qf6 4. O-O g5 5. Bxc6 dxc6 6. d3 Nh6 7. Bxg5 Qg6 8.
Bxh6 Bxh6 9. h3 Bxh3 10. Nh4 Qe6 11. Qf3 Rg8 12. Kh1 Bg4 13. Qg3 Bf4 14. Qxg4
Qxg4 0-1

[Event "AUTO-INT-1434"]
[Site "http://www.queenalice.com/game.php?id=646505"]
[Date "2009.9.3"]
[Round "1"]
[White "claudius"]
[Black "Rogertodyy"]
[Result "0-1"]
[WhiteElo "1605"]
[BlackElo "1581"]

1. e4 e5 2. Qh5 Nf6 3. Qf3 Bc5 4. c3 Nc6 5. b4 Bb6 6. a4 a5 7. b5 Ne7 8. Ba3 d6
9. Bc4 O-O 10. Nh3 Bxh3 11. Qxh3 Nxe4 12. Rf1 Nxf2 13. Rxf2 Bxf2+ 14. Kxf2 Ng6
15. d3 Qf6+ 16. Qf3 Qh4+ 17. Ke2 Nf4+ 18. Kd2 Qxh2 19. b6 c6 20. Bxd6 Rfe8 21.
Kc2 Nxg2 22. Bxf7+ Kh8 23. Bxe8 Ne1+ 24. Kb3 Nxf3 25. Bd7 Rd8 26. Bxc6 bxc6 27.
b7 Qh5 28. b8=Q Rxb8+ 29. Bxb8 Qf7+ 30. Kc2 Ne1+ 31. Kc1 Nxd3+ 32. Kc2 Qf3 33.
Nd2 Qe2 0-1

[Event "AUTO-INT-1434"]
[Site "http://www.queenalice.com/game.php?id=646506"]
[Date "2009.9.3"]
[Round "1"]
[White "Rogertodyy"]
[Black "claudius"]
[Result "1-0"]
[WhiteElo "1598"]
[BlackElo "1588"]

1. e4 e5 2. Nf3 d6 3. Bc4 Qf6 4. Nc3 Nc6 5. Nd5 Qd8 6. d3 Nf6 7. Bg5 Rg8 8. O-O
Bg4 9. Nc3 h6 10. Nxe5 Nxe5 11. Qd2 hxg5 12. Qxg5 Be7 13. Bxf7+ Kxf7 14. h3 Bh5
15. f4 Nc6 16. Qb5 Qb8 17. e5 dxe5 18. fxe5 Nxe5 19. Qxe5 c6 20. Qxh5+ g6 21.
Qh7+ Rg7 22. Qh6 Bc5+ 23. Kh1 Qe5 24. Rae1 Qh5 25. Qf4 Kg8 26. Qxf6 Bb4 27. Re5
Bxc3 28. bxc3 Rf8 29. Qxf8+ Kh7 30. Rxh5+ gxh5 31. Rf5 Kg6 32. Qf6+ Kh7 33.
Rxh5+ Kg8 34. Qe6+ 1-0